000 01114nam a2200325 a 4500
008
020 _a9781437727630 (hardback)
040 _aNUST
_cNUST
049 _aMAIN
090 _aRJ421
_bHEM
245 1 0 _aHemodynamics and cardiology :
_neonatology questions and controversies/
_c[edited by] Charles S Kleinman ; Istvan Seri & Richard A Polin.
250 _aSecond edition.
260 _aPhiladephia, PA :
_bElsevier/Saunders,
_c2012.
300 _axxi, 551 pages :
_billustrations (some colour) ;
_c27 cm.
336 _atext
_btxt
_2rdacontent
337 _aunmediated
_bn
_2rdamedia
338 _avolume
_bnc
_2rdacarrier
500 _aIncludes index.
504 _aIncludes bibliographical references.
650 1 _aPediatric cardiology.
650 _aNewborn infants
_xDiseases.
650 _aHemodynamics.
700 _aKleinman, Charles S.,
_aeditor.
700 _aSeri, Istvan.,
_aeditor.
700 _aPolin, Richard A.,
_aeditor.
907 _a.b10414277
_b10-03-22
_c25-02-22
003
005 20230120204338.0
942 _cBOOKS
_kRJ421
_mHEM
999 _c121589
_d121589